000 00467 a2200169 4500
001 130077
022 _a1679-656X
040 _cLeonardo Da Vinci
041 _aPortuguês
_aPortuguês
082 _aCAP 2010
_b2010
245 _aColégio de aplicação Pio XII
300 _a13
362 _a20100329
490 _aColégio de aplicação Pio XII
_aBiologia
697 _aRespiração
_aMecanismo da respiração
_aPropriedades
_aExercícios
_aGhemat
942 _cCR
999 _c130077
_d130077